Sports Quiz

Random Sports or Rugby Quiz

2011 Rugby World Cup Qualifiers Quiz Stats

 Plays Quiz not verified by Sporcle

Score 0/20 Timer 04:00
0 Plays Today
Pool Nation % Correct
ANew Zealand
99%
BEngland
98.7%
DSouth Africa
98%
CAustralia
97.7%
AFrance
96.3%
CIreland
96.2%
DWales
94.6%
BScotland
94.2%
CItaly
92.1%
BArgentina
91.4%
Pool Nation % Correct
CUnited States
91.2%
DSamoa
90.4%
DFiji
89.3%
ACanada
86.7%
ATonga
86%
AJapan
85%
CRussia
81.9%
BRomania
67.6%
BGeorgia
66.1%
DNamibia
62.7%

You're not logged in!

Compare scores with friends on all Sporcle quizzes.
OR
Log In

Show Comments

Extras

Top Quizzes Today


Score Distribution

Your Account Isn't Verified!

In order to create a playlist on Sporcle, you need to verify the email address you used during registration. Go to your Sporcle Settings to finish the process.

Report this User

Report this user for behavior that violates our Community Guidelines.

Details: